00403nam a2200157Ia 4500008004100000020001500041041001200056082001100068100001500079245007000094250000800164260003800172300000800210650000700218700002000225221030s9999 xx 000 0 und d a0195685776 aEnglish a105.23 aB. S. Guru 0aElectric Machinery & Transformerscby B. S. Guru, H. R. Hiziroglu a3rd bOxfor UniversityaNew Delhic2010 a700 aEE aH. R. Hiziroglu